000 00678nam a2200265Ia 4500
003 OSt
005 20221007100247.0
006 a|||||r|||| 00| 0
007 ta
008 221006b |||||||| |||| 00| 0 eng d
024 _a4,097
037 _cTextual
040 _aLCO
_cLCO
_beng
041 _2eng
_aeng
082 _aZ2d'N76-14, L6.1
100 _aGOSWAMY B L
_9595106
245 0 _aIndex to case law
250 _a2
260 _aChandigarh
_bJain law agency
_c1976
300 _a792
490 _vVol - 1
650 _aCASE LAW
_9683300
942 _hZ2d'N76-14, L6.1
_cTEXL
999 _c1173660
_d1173660